The Easiest to the Hardest Math Quiz - Statistics

General Stats
  • This quiz has been taken 28 times
  • The average score is 5 of 15
Answer Stats
Question Answer % Correct
1 + 1 2
96%
log (1000) 3
68%
2 + 5 7
68%
9 + 8 17
52%
(7+8) + (8+5) 28
52%
43 + 6 49
48%
10^12 1000000000000
32%
142 + 348 490
32%
98 x 27 2646
24%
1 / 3 0.3333333……
20%
956 x 43 41108
20%
Are you sure? Yes
20%
If you did not finish this quiz, then press “Give up” Okay then
8%
Write googolplex 10^10^100
4%
(657 x 613) + (583 x 127) 476482
4%
No matching quizzes found
Score Distribution
Percent of People with Each Score
Percentile by Number Answered
Your Score History
You have not taken this quiz